[Event "Let's Play Chess!"]
[Site "http://www.queenalice.com/game.php?id=8156"]
[Date "2005.3.29"]
[Round "-"]
[White "Namaste"]
[Black "chackalrodrigo"]
[Result "1-0"]
[WhiteElo "1552"]
[BlackElo "1058"]

1. e4 Nc6 2. Nf3 Nf6 3. Nc3 e5 4. Bb5 Bb4 5. O-O d6 6. Nd5 Bg4 7. c3 Qd7 8. cxb4
O-O-O 9. Qc2 Rhe8 10. d3 Re7 11. Nxe7+ Qxe7 12. Bxc6 bxc6 13. Qxc6 Kb8 14. Be3
Rd7 15. Qa6 c6 16. b5 Rb7 17. bxc6 Rc7 18. Rfc1 h6 19. Rc3 h5 20. Rb3+ 1-0

[Event "Let's Play Chess!"]
[Site "http://www.queenalice.com/game.php?id=8167"]
[Date "2005.3.29"]
[Round "-"]
[White "Namaste"]
[Black "feto"]
[Result "1-0"]
[WhiteElo "1446"]
[BlackElo "1196"]

1. e4 e5 2. Nf3 Nc6 3. Bb5 a6 4. Ba4 Nf6 5. O-O h5 6. d4 d5 7. exd5 Nxd5 8. dxe5
b5 9. Bb3 Be6 10. Bg5 Nce7 11. Nd4 c5 12. Nxe6 Qb6 13. Bxe7 Nxe7 14. Nxf8 Rxf8
15. Qf3 c4 16. Qxa8+ Qd8 17. Qxd8+ Kxd8 18. Nc3 f5 19. a4 b4 20. Bxc4 f4 21. Nd5
Nf5 22. Bxa6 g5 23. Rad1 Ke8 24. Bb5+ Kd8 25. Nxb4+ Kc8 26. Rd7 g4 27. Rfd1 g3
28. Ra7 gxf2+ 29. Kxf2 Nh4 30. Ra8+ Kb7 31. Rxf8 f3 32. Rd6 1-0

[Event "Let's Play Chess!"]
[Site "http://www.queenalice.com/game.php?id=8168"]
[Date "2005.3.29"]
[Round "-"]
[White "NextFuture"]
[Black "Namaste"]
[Result "1-0"]
[WhiteElo "1998"]
[BlackElo "1500"]

1. e4 c6 2. d4 d5 3. Nc3 dxe4 4. Nxe4 Bf5 5. Ng3 Bg6 6. Nf3 Nf6 7. Ne5 Nbd7 8.
Nxg6 hxg6 9. Be2 Qb6 10. O-O e6 11. c3 Bd6 12. Re1 O-O-O 13. b4 Qc7 14. Qa4 b5
15. Qa6+ Kb8 16. a4 Bxg3 17. fxg3 Qb7 18. axb5 Qxa6 19. Rxa6 Kb7 20. bxc6+ Kb8
21. cxd7 Rxd7 22. Bf4+ 1-0

[Event "Let's Play Chess!"]
[Site "http://www.queenalice.com/game.php?id=9345"]
[Date "2005.4.10"]
[Round "-"]
[White "SengTeoh"]
[Black "Namaste"]
[Result "1-0"]
[WhiteElo "1957"]
[BlackElo "1644"]

1. e4 c6 2. d4 d5 3. e5 Bf5 4. Nf3 e6 5. Be2 c5 6. O-O Nc6 7. c3 cxd4 8. cxd4 h6
9. Nc3 a6 10. Be3 Nge7 11. Rc1 Ng6 12. Qb3 b5 13. Nxb5 Rb8 14. Rxc6 Qd7 15. Rfc1
axb5 16. Bxb5 Kd8 17. Qa4 Qb7 18. Qa5+ Ke7 19. Rc7+ 1-0

[Event "Let's Play Chess!"]
[Site "http://www.queenalice.com/game.php?id=9671"]
[Date "2005.4.13"]
[Round "-"]
[White "Namaste"]
[Black "Artking"]
[Result "1-0"]
[WhiteElo "1620"]
[BlackElo "1635"]

1. e4 c5 2. c3 d6 3. d4 cxd4 4. cxd4 Nf6 5. Nc3 a6 6. Nf3 g6 7. Bc4 Bg7 8. Ng5
e6 9. O-O Qc7 10. Qd3 O-O 11. Bf4 b5 12. Bb3 Bb7 13. Rfe1 h6 14. Nxe6 fxe6 15.
Bxe6+ Kh7 16. e5 dxe5 17. Bxe5 Qb6 18. Bb3 Nbd7 19. Bc2 Ng4 20. Bxg7 Nde5 21.
Rxe5 Nxf2 22. Qxg6+ Qxg6 23. Bxg6+ Kxg7 24. Bf5 h5 25. Re7+ Kh6 26. Rf1 Rxf5 27.
Rxf2 Rxf2 28. Kxf2 Rf8+ 29. Kg1 Bc8 30. d5 Bf5 31. Re5 Bd3 32. g3 b4 33. Ne2 a5
34. a3 bxa3 35. bxa3 Rb8 36. d6 Rb1+ 37. Kf2 Bb5 38. Re6+ Kg5 39. Re5+ Kf6 40.
Rd5 Bd7 41. Nf4 Rb2+ 42. Ke3 a4 43. Rxh5 Rb3+ 44. Kd4 Rxa3 45. Ra5 Ra1 46. Kc5
a3 47. Kb4 Rb1+ 48. Kxa3 Ra1+ 49. Kb4 Rxa5 50. Kxa5 Ke5 51. Kb4 Kxd6 52. Kc4 Ke5
53. Kd3 Bc6 54. Ke3 Kf5 55. h3 Kg5 56. h4+ Kg4 57. h5 Bd7 58. Ke4 Bf5+ 59. Ke5
Bh7 60. Kf6 Kxg3 61. Kg5 Kf3 62. Ng6 Bg8 63. h6 Bh7 64. Kf6 1-0

[Event "Let's Play Chess!"]
[Site "http://www.queenalice.com/game.php?id=9672"]
[Date "2005.4.13"]
[Round "-"]
[White "Artking"]
[Black "Namaste"]
[Result "1-0"]
[WhiteElo "1642"]
[BlackElo "1373"]

1. e4 c6 2. d4 d5 3. Nc3 dxe4 4. Nxe4 Bf5 5. Ng3 Bg6 6. h4 h6 7. h5 Bh7 8. Bc4
e6 9. Nf3 Nf6 10. Qe2 Bd6 11. Ne5 Nbd7 12. Nxf7 1-0

[Event "AUTO-MASTER-05"]
[Site "http://www.queenalice.com/game.php?id=9693"]
[Date "2005.4.13"]
[Round "1"]
[White "BornLoser"]
[Black "Namaste"]
[Result "0-1"]
[WhiteElo "1753"]
[BlackElo "1552"]

1. d4 d5 2. c4 c6 3. Nc3 Nf6 4. Bg5 Bf5 5. Bxf6 gxf6 6. e3 e5 7. dxe5 fxe5 8.
Nf3 Nd7 9. cxd5 Bb4 10. Qb3 Bxc3+ 11. bxc3 Qb6 12. dxc6 Qxc6 13. Bb5 Qe6 14.
Qxe6+ Bxe6 15. Bxd7+ Bxd7 16. Nxe5 Ba4 17. Nd3 O-O-O 18. Nb2 Bc6 19. O-O Rhg8
20. g3 Bf3 21. Nc4 f6 22. Rab1 h5 23. h4 Be2 24. Nb6+ axb6 25. Rfc1 Kc7 26. Rc2
Bd3 0-1

[Event "AUTO-MASTER-05"]
[Site "http://www.queenalice.com/game.php?id=9694"]
[Date "2005.4.13"]
[Round "1"]
[White "Namaste"]
[Black "BornLoser"]
[Result "1-0"]
[WhiteElo "1595"]
[BlackElo "1723"]

1. e4 c5 2. c3 d5 3. exd5 Qxd5 4. d4 cxd4 5. Nf3 Bg4 6. Be2 Nf6 7. O-O e5 8. Re1
Be7 9. cxd4 Nc6 10. Nc3 Qa5 11. dxe5 Nd7 12. Nd5 O-O 13. Nxe7+ Nxe7 14. h3 Bxf3
15. Bxf3 Nxe5 16. Bxb7 Rab8 17. Be4 N7g6 18. Bd2 Qb5 19. Bc3 Rfd8 20. Qe2 Qxe2
21. Rxe2 Nc4 22. g3 Nf8 23. b3 Nd6 24. Bc2 Nb5 25. Bb2 Nd4 26. Bxd4 Rxd4 27.
Rae1 Ne6 28. Bf5 Re8 29. Bxe6 Rxe6 30. Rxe6 fxe6 31. Rxe6 Rd2 32. Ra6 1-0

[Event "AUTO-MASTER-05"]
[Site "http://www.queenalice.com/game.php?id=9707"]
[Date "2005.4.13"]
[Round "1"]
[White "Namaste"]
[Black "Lumpy_Custard"]
[Result "0-1"]
[WhiteElo "1622"]
[BlackElo "1862"]

1. e4 c5 2. c3 d5 3. exd5 Qxd5 4. d4 e6 5. Nf3 Nc6 6. Be3 cxd4 7. Nxd4 Nf6 8.
Nd2 a6 9. N2f3 Be7 10. Bd3 O-O 11. O-O Nxd4 12. Bxd4 b5 13. Qc2 h6 14. Rfe1 Bb7
15. Re5 Qc6 16. Rae1 Rfd8 17. h3 Rac8 18. R5e3 b4 19. g4 bxc3 20. Bxc3 Nd5 21.
Be4 Nxe3 22. Rxe3 Qc7 23. Bxb7 Qxb7 24. Ne5 Bb4 25. f4 Bxc3 26. bxc3 Rd6 27. g5
Rcd8 28. Nf3 Rd1+ 29. Kh2 hxg5 30. fxg5 Qc7+ 31. Kg2 Qf4 32. c4 Qxe3 0-1

[Event "AUTO-MASTER-05"]
[Site "http://www.queenalice.com/game.php?id=9708"]
[Date "2005.4.13"]
[Round "1"]
[White "Lumpy_Custard"]
[Black "Namaste"]
[Result "1-0"]
[WhiteElo "1821"]
[BlackElo "1639"]

1. Nf3 d5 2. d3 Nf6 3. g3 e6 4. Bg2 c5 5. O-O Nc6 6. Nbd2 Bd6 7. e4 O-O 8. Qe2
Re8 9. e5 Bc7 10. exf6 Qxf6 11. Nb3 Bd6 12. c3 b6 13. h3 Ba6 14. Bg5 Qg6 15. Nc1
e5 16. Be3 d4 17. Nh4 Qe6 18. Bxc6 dxe3 19. Kg2 Be7 20. Bxa8 Rxa8 21. Qxe3 Bxh4
22. gxh4 Qg6+ 23. Qg3 1-0

[Event "AUTO-MASTER-05"]
[Site "http://www.queenalice.com/game.php?id=9709"]
[Date "2005.4.13"]
[Round "1"]
[White "Namaste"]
[Black "MikeDoherty"]
[Result "0-1"]
[WhiteElo "1501"]
[BlackElo "1926"]

1. e4 e5 2. Nf3 Nc6 3. Bb5 a6 4. Ba4 Nf6 5. O-O b5 6. Bb3 Be7 7. c3 O-O 8. Re1
d6 9. d4 Bg4 10. Nbd2 exd4 11. h3 Bxf3 12. Qxf3 Ne5 13. Qe2 dxc3 14. Nf3 cxb2
15. Bxb2 Nxf3+ 16. Qxf3 Nd7 17. g4 Bf6 18. Bxf6 Qxf6 19. Qg3 g5 20. Rf1 Rae8 21.
Rae1 Nc5 22. Bc2 Ne6 23. e5 dxe5 24. Rxe5 Nd4 25. Rxe8 Rxe8 26. Bd3 Ne2+ 27.
Bxe2 Rxe2 28. f4 Qd4+ 29. Kh1 gxf4 30. Rxf4 Qd1+ 31. Qg1 Re1 0-1

[Event "AUTO-MASTER-05"]
[Site "http://www.queenalice.com/game.php?id=9710"]
[Date "2005.4.13"]
[Round "1"]
[White "MikeDoherty"]
[Black "Namaste"]
[Result "1-0"]
[WhiteElo "1908"]
[BlackElo "1628"]

1. e4 c6 2. d4 d5 3. Nc3 dxe4 4. Nxe4 Bf5 5. Ng3 Bg6 6. Nf3 Nf6 7. Bc4 e6 8. O-O
Bd6 9. Ne5 O-O 10. Nxg6 hxg6 11. Bg5 Nbd7 12. Qf3 Qb6 13. c3 Nd5 14. Ne4 Bc7 15.
Rab1 Bd8 16. Rfe1 N7f6 17. Bxd5 Nxd5 18. Bxd8 Raxd8 19. a3 a5 20. Nc5 Rfe8 21.
Re2 Re7 22. Rbe1 Rde8 23. b4 axb4 24. axb4 Qc7 25. g3 b6 26. Nb3 Qa7 27. Ra1 Qb7
28. Rea2 Rd7 29. Nd2 Rdd8 30. Ra7 1-0

[Event "AUTO-ADV-36"]
[Site "http://www.queenalice.com/game.php?id=10617"]
[Date "2005.4.22"]
[Round "1"]
[White "Nephi_R"]
[Black "Namaste"]
[Result "1-0"]
[WhiteElo "1803"]
[BlackElo "1580"]

1. d4 d5 2. c4 c6 3. Nc3 Bf5 4. Nf3 e6 5. cxd5 cxd5 6. e3 Nf6 7. Bb5+ Nbd7 8.
Ne5 a6 9. Bd3 Bb4 10. O-O Bxd3 11. Nxd3 Ba5 12. b4 Bc7 13. Qf3 Nb6 14. Nc5 Rb8
15. a4 Nc4 16. h3 Qd6 17. g3 Nd7 18. e4 dxe4 19. N3xe4 Qc6 20. Bf4 1-0

[Event "AUTO-ADV-36"]
[Site "http://www.queenalice.com/game.php?id=10618"]
[Date "2005.4.22"]
[Round "1"]
[White "Namaste"]
[Black "Nephi_R"]
[Result "0-1"]
[WhiteElo "1588"]
[BlackElo "1795"]

1. e4 c6 2. d4 d5 3. e5 e6 4. Nf3 Ne7 5. Bg5 Nd7 6. c4 h6 7. Bh4 Qa5+ 8. Nc3 Nf5
9. Bg3 Bb4 10. Qc2 O-O 11. cxd5 cxd5 12. Bd3 Nb6 13. O-O Bd7 14. Bf4 Rac8 15.
Bd2 Na4 16. Rac1 Nxc3 17. Bxc3 Bxc3 18. bxc3 Rc7 19. g4 Ne7 20. g5 h5 0-1

[Event "AUTO-ADV-36"]
[Site "http://www.queenalice.com/game.php?id=10633"]
[Date "2005.4.22"]
[Round "1"]
[White "Namaste"]
[Black "Catamarca"]
[Result "0-1"]
[WhiteElo "1615"]
[BlackElo "1674"]

1. e4 e5 2. Nf3 d6 3. Bc4 h6 4. O-O f5 5. Nc3 Nf6 6. Re1 f4 7. d4 Nbd7 8. Nd5 c6
9. Nxf6+ Qxf6 10. dxe5 dxe5 11. Bd2 Bc5 12. b4 Bd6 13. a3 b5 14. Bb3 g5 15. Re2
c5 16. c4 Rb8 17. Bc3 g4 18. Rd2 gxf3 19. Rxd6 Qe7 20. g3 fxg3 21. hxg3 h5 22.
bxc5 h4 0-1

[Event "AUTO-ADV-36"]
[Site "http://www.queenalice.com/game.php?id=10634"]
[Date "2005.4.22"]
[Round "1"]
[White "Catamarca"]
[Black "Namaste"]
[Result "1-0"]
[WhiteElo "1688"]
[BlackElo "1601"]

1. d4 d5 2. Bf4 Bf5 3. e3 Nf6 4. h3 e6 5. a3 Nbd7 6. b4 c6 7. c4 Be7 8. c5 Ne4
9. Bd3 h6 10. Nf3 Ndf6 11. Nh2 Qd7 12. f3 Ng5 13. Bxg5 hxg5 14. Bxf5 exf5 15.
Nf1 g4 16. f4 Ne4 17. Qc2 Bh4+ 18. Kd1 Nf2+ 19. Kc1 Nxh1 20. Nc3 Ng3 21. Nxg3
Bxg3 22. hxg4 Rh1+ 23. Nd1 1-0